000 00397nam a2200169Ia 4500
003 IT-RoPAU
008 120407s9999 xx 000 0 und d
040 _aIT-RoPAU
040 _cIT-RoPAU
100 _aGiovanni Della Casa
245 _aGalateo. Testo originale con la versione in italiano di oggi
250 _aMilano
260 _aRizzoli
300 _c cm
490 _v1
942 _cBK
999 _c10231
_d10231